| 000 | 00000nam##2200000za#4500 |
| 001 | 9.680094 |
| 003 | CaOODSP |
| 005 | 20200330063019 |
| 007 | ta |
| 008 | 150407|1997||||xxc||||| f|0| 0 fre|d |
| 020 | |a0-662-81968-3 |
| 040 | |aCaOODSP|bfre |
| 043 | |an-cn--- |
| 086 | 1 |aFo75-3/6-1997F |
| 110 | 1 |aCanada.|bRessources naturelles Canada. |bService canadien des forêts. |
| 245 | 10|aCritères et indicateurs de l'aménagement durable des forêts au Canada, rapport technique 1997 / |cPublié par le Conseil canadien des ministres des forêts. |
| 260 | |aOttawa - Ontario : |bRessources naturelles Canada. |c1997. |
| 300 | |aiii, 136p. : |bfigures, graphiques, cartes, tableaux ; |c28 cm. |
| 500 | |aSommaire: Conservation de la diversité biologique.--Maintien et amélioration de l'état et de la productivité des écosystèmes forestiers.--Conservation du sol et de l'eau.--Contributions des écosystèmes forestiers aux cycles écologiques planétaires.--Avantages multiples des forêts pour la société.--Acceptation de la responsabilité de la société à l'égard du développement durable.--Glossaire.--Index. |
| 563 | |aCouverture souple |
| 590 | |a98-45|b1998-11-06 |
| 691 | 07|aAménagement forestier|2gcpds |
| 775 | 08|tCriteria and indicators of sustainable forest management in Canada: technical report, 1997 / |w(CaOODSP)9.646559 |
| 776 | 0#|tCritères et indicateurs de l'aménagement durable des forêts au Canada : |w(CaOODSP)9.640078 |